|
|
|
|
| LEADER |
02731nam a2200745 4500 |
| 001 |
ocn885378218 |
| 003 |
OCoLC |
| 005 |
20171024110040.0 |
| 006 |
m o d |
| 007 |
cr ||||||||||| |
| 008 |
140805s2014 nju ob 001 0 eng |
| 010 |
|
|
|a 2014031116
|
| 040 |
|
|
|a DLC
|b eng
|e rda
|e pn
|c DLC
|d YDX
|d N$T
|d YDXCP
|d DG1
|d UKMGB
|d OCLCF
|d E7B
|d EBLCP
|d DEBSZ
|d OCLCQ
|d COO
|d OCLCQ
|d DEBBG
|d COCUF
|d DG1
|d MOR
|d CCO
|d LIP
|d PIFAG
|d ZCU
|d NRC
|d MERUC
|d OCLCQ
|d GrThAP
|
| 016 |
7 |
|
|a 016838460
|2 Uk
|
| 019 |
|
|
|a 891381538
|a 961575693
|a 962609494
|
| 020 |
|
|
|a 9781118945933
|q (epub)
|
| 020 |
|
|
|a 111894593X
|q (epub)
|
| 020 |
|
|
|a 9781118945940
|q (pdf)
|
| 020 |
|
|
|a 1118945948
|q (pdf)
|
| 020 |
|
|
|a 9781118945964
|
| 020 |
|
|
|a 1118945964
|
| 020 |
|
|
|a 1118945921
|
| 020 |
|
|
|a 9781118945926
|
| 020 |
|
|
|z 9781118945926
|q (cloth ;
|q alk. paper)
|
| 029 |
1 |
|
|a AU@
|b 000053548423
|
| 029 |
1 |
|
|a CHBIS
|b 010264639
|
| 029 |
1 |
|
|a CHBIS
|b 010441680
|
| 029 |
1 |
|
|a CHNEW
|b 000943408
|
| 029 |
1 |
|
|a CHVBK
|b 331267128
|
| 029 |
1 |
|
|a CHVBK
|b 334085551
|
| 029 |
1 |
|
|a CHVBK
|b 480236313
|
| 029 |
1 |
|
|a DEBBG
|b BV043397023
|
| 029 |
1 |
|
|a DEBBG
|b BV044070149
|
| 029 |
1 |
|
|a DEBSZ
|b 431760284
|
| 029 |
1 |
|
|a DEBSZ
|b 485051036
|
| 029 |
1 |
|
|a NZ1
|b 15920995
|
| 035 |
|
|
|a (OCoLC)885378218
|z (OCoLC)891381538
|z (OCoLC)961575693
|z (OCoLC)962609494
|
| 042 |
|
|
|a pcc
|
| 050 |
0 |
0 |
|a TA418.9.N35
|
| 072 |
|
7 |
|a TEC
|x 009000
|2 bisacsh
|
| 072 |
|
7 |
|a TEC
|x 035000
|2 bisacsh
|
| 082 |
0 |
0 |
|a 620.1/92
|2 23
|
| 049 |
|
|
|a MAIN
|
| 245 |
0 |
0 |
|a Polymer nanotube nanocomposites :
|b synthesis, properties, and applications /
|c edited by Vikas Mittal.
|
| 250 |
|
|
|a 2nd edition.
|
| 264 |
|
1 |
|a Hoboken, New Jersey :
|b Scrivener Publishing / Wiley,
|c [2014]
|
| 300 |
|
|
|a 1 online resource
|
| 336 |
|
|
|a text
|b txt
|2 rdacontent
|
| 337 |
|
|
|a computer
|b n
|2 rdamedia
|
| 338 |
|
|
|a online resource
|b nc
|2 rdacarrier
|
| 504 |
|
|
|a Includes bibliographical references and index.
|
| 588 |
0 |
|
|a Print version record and CIP data provided by publisher.
|
| 650 |
|
0 |
|a Nanotubes.
|
| 650 |
|
0 |
|a Nanocomposites (Materials)
|
| 650 |
|
0 |
|a Polymers.
|
| 650 |
|
7 |
|a TECHNOLOGY & ENGINEERING
|x Engineering (General)
|2 bisacsh
|
| 650 |
|
7 |
|a TECHNOLOGY & ENGINEERING
|x Reference.
|2 bisacsh
|
| 650 |
|
7 |
|a Nanocomposites (Materials)
|2 fast
|0 (OCoLC)fst01748679
|
| 650 |
|
7 |
|a Nanotubes.
|2 fast
|0 (OCoLC)fst01032640
|
| 650 |
|
7 |
|a Polymers.
|2 fast
|0 (OCoLC)fst01070588
|
| 655 |
|
4 |
|a Electronic books.
|
| 700 |
1 |
|
|a Mittal, Vikas.
|
| 776 |
0 |
8 |
|i Print version:
|t Polymer nanotube nanocomposites.
|b 2nd edition.
|d Hoboken, New Jersey : John Wiley and Sons, Inc., [2014]
|z 9781118945926
|w (DLC) 2014030315
|
| 856 |
4 |
0 |
|u https://doi.org/10.1002/9781118945964
|z Full Text via HEAL-Link
|
| 994 |
|
|
|a 92
|b DG1
|